| 000 | 00000nam 2200000za 4500 |
| 001 | 9.853769 |
| 003 | CaOODSP |
| 005 | 20221107154916 |
| 007 | cr ||||||||||| |
| 008 | 180316s1993 quca|||#o f000 0 eng d |
| 020 | |z2550275403 |
| 040 | |aCaOODSP|beng |
| 043 | |an-cn-qu |
| 086 | 1 |aNH15-781/1993E-PDF |
| 245 | 00|aHome automation |h[electronic resource] : |bmaintaining people in their own homes : pilot project for adapted housing integrating home automation. |
| 246 | 30|aPilot project for adapted housing integrating home automation |
| 260 | |a[Ottawa] : |bCanada Mortgage and Housing Corporation ; |a[Québec] : |bMinistère de l'industrie, du commerce et de la technologie, |c[1993]. |
| 300 | |a12 p. : |bill. |
| 500 | |aCover title. |
| 500 | |a"A pilot project carried out jointly by: Canada Mortgage and Housing Corporation, Ministère de l'industrie, du Commerce et de la Technologie, Société d'habitation du Québec"--p. 12. |
| 500 | |aDigitized edition from print [produced by Canada Mortgage and Housing Corporation]. |
| 500 | |aIssued also in French under title: La domotique, pour le maintien à domicile : projet pilote de logement adapté intégrant la domotique. |
| 520 | 0 |a"For the first time in Quebec, home automation is being tested in an apartment adapted for a person with limited mobility. Home automation is indeed a viable solution to increase the autonomy of seniors or the physically challenged, allowing them to live on their own.This project also provides an opportunity to verify whether this technology involves economic benefits compared to other housing approaches"--p. 2. |
| 692 | 07|2gccst|aPersons with disabilities |
| 692 | 07|2gccst|aHousing |
| 692 | 07|2gccst|aAutomation |
| 692 | 07|2gccst|aAssistive technologies |
| 710 | 1 |aQuébec (Province). |bMinistère de l'industrie, du commerce et de la technologie. |
| 710 | 2 |aSociété d'habitation du Québec. |
| 710 | 2 |aCanada Mortgage and Housing Corporation. |
| 775 | 08|tLa domotique, pour le maintien à domicile |w(CaOODSP)9.853774 |
| 856 | 40|qPDF|s635 KB|uhttps://publications.gc.ca/collections/collection_2018/schl-cmhc/nh15/NH15-781-1993-eng.pdf |